000 00567nam a2200169 a 4500
008 120416s1967 ||||||||||||||||| || u
050 _aQC 670 Rei
100 _aReitz, John R
245 1 0 _aFoundations of electromagnetic theory
250 _a2nd ed.
260 _aCalifornia
_bAddison-Wesley
_c1967
300 _axii, 435p. : ill.
350 _a0.00
650 _aELECTRICITY
650 _aELECTROMAGNETIC THEORY
995 _D0.00
_FCBU-MAIN LIBRARY (Kitwe)
_H1
_I37.95
_M1
_UDAMAGED
_ZMain Library Open Access Collection
999 _c43893
_d43893